| 000 | 00470nam a22001817a 4500 | ||
|---|---|---|---|
| 003 | CEME | ||
| 005 | 20210628202048.0 | ||
| 008 | 210224b xxu||||| |||| 00| 0 eng d | ||
| 020 | _a1-58053-095-8 | ||
| 040 | _c. | ||
| 082 | _a621.3848 CUR | ||
| 100 |
_aCurry, C.Richard _958124 |
||
| 245 | _aRadar system performance modeling | ||
| 260 |
_aLONDON _bARTECH HOUSE _c2001 |
||
| 300 | _aXIV,336P | ||
| 650 |
_aRADAR.RADAR-MATHEMATICAL MODELS _956672 |
||
| 942 |
_cBK _2ddc |
||
| 999 |
_c568336 _d568336 |
||